|
|
|
|
| LEADER |
02036nam a2200517 i 4500 |
| 001 |
001778445 |
| 003 |
CZ BrMZK |
| 005 |
20210426075410.0 |
| 007 |
ta |
| 008 |
201130s2014 it a g p 000 j ita |
| 020 |
|
|
|a 978-88-530-1433-7
|q (brožováno)
|
| 040 |
|
|
|a BOA001
|b cze
|e rda
|
| 072 |
|
7 |
|a 811.131
|x Italo-románské jazyky
|2 Konspekt
|9 11
|
| 072 |
|
7 |
|a 821.131.1-3
|x Italská próza
|2 Konspekt
|9 25
|
| 080 |
|
|
|a 821.131.1-32
|2 MRF
|
| 080 |
|
|
|a 811.131.1
|2 MRF
|
| 080 |
|
|
|a 028.4-028.31/.32
|2 MRF
|
| 080 |
|
|
|a (0:82-321.3)
|2 MRF
|
| 080 |
|
|
|a (07.062)81
|2 MRF
|
| 100 |
1 |
|
|a Medaglia, Cinzia
|7 xx0101320
|4 aut
|
| 245 |
1 |
0 |
|a Indagine a Firenze /
|c Andrea Gerini ; adattamento e attività di Cinzia Medaglia ; illustrazioni di Gianluca Garofalo
|
| 250 |
|
|
|a Prima edizione
|
| 264 |
|
1 |
|a [Genova] :
|b Cideb,
|c 2014
|
| 300 |
|
|
|a 80 stran :
|b barevné ilustrace ;
|c 21 cm +
|e 1 CD audio
|
| 336 |
|
|
|a text
|b txt
|2 rdacontent
|
| 336 |
|
|
|a mluvené slovo
|b spw
|2 rdacontent
|
| 337 |
|
|
|a bez média
|b n
|2 rdamedia
|
| 337 |
|
|
|a audio
|b s
|2 rdamedia
|
| 338 |
|
|
|a svazek
|b nc
|2 rdacarrier
|
| 338 |
|
|
|a audiodisk
|b sd
|2 rdacarrier
|
| 490 |
1 |
|
|a Imparare leggendo
|
| 500 |
|
|
|a Na obálce označení: livello uno A2
|
| 650 |
0 |
7 |
|a italština
|7 ph121249
|2 czenas
|
| 650 |
0 |
7 |
|a zjednodušená četba
|7 ph656682
|2 czenas
|
| 653 |
0 |
|
|a jazyková úroveň A2
|
| 655 |
|
7 |
|a italské příběhy
|7 fd183393
|2 czenas
|
| 655 |
|
7 |
|a dobrodružné příběhy
|7 fd132060
|2 czenas
|
| 655 |
|
7 |
|a jazykové učebnice, texty, příručky (A)
|7 fd600889
|2 czenas
|
| 700 |
1 |
|
|a Garofalo, Gianluca,
|d 1968-
|7 mub2011644589
|4 ill
|
| 700 |
1 |
|
|a Gerini, Andrea
|4 ant
|
| 830 |
|
0 |
|a Imparare leggendo
|
| 910 |
|
|
|a BOA001
|b 2-1458.352
|b CDR-1458.352
|
| 990 |
|
|
|a BK
|
| 991 |
|
|
|b 202104
|c NOV
|
| 996 |
7 |
|
|b 2610847636
|c 2-1458.352
|d kniha
|v 1
|l Cizojazyčná beletrie
|r ZHR
|n 5
|p kupz
|h LG (I)
|w 001836533
|u 000010
|a 0
|e BOA001
|j MZK50
|s A
|
| 996 |
7 |
|
|b DKAA000835
|c CDR-1458.352
|d CD-ROM, audio CD
|v 1a
|l Cizojazyčná beletrie
|r ZHR
|n 3
|p kupz
|h BI 22
|w 001836533
|u 000020
|a 0
|e BOA001
|j MZK50
|s A
|